000 00707nam a2200217 i 4500
001 124631
003 ES-MaACL
007 t|
008 070413s1957 sp ||||1| spa d
080 _a595.799-5
100 1 _aFrisch, Karl von.
_952672
245 1 3 _aLa vida de las abejas /
_cKarl v. Frisch ; traducción de la quinta edición alemana por Estanislao Rodríguez.
260 _aBarcelona :
_bLabor,
_c[1957]
300 _a224 p. :
_bil. ;
_c17 cm.
490 1 _aColección Labor ;
_v479, 480
650 1 4 _aAbejas-
_vObras de divulgación.
_99563
700 1 _aRodríguez, Estanislao.
_998234
830 0 0 _aColección Labor
_v479, 480
_9184254
852 _aES-MaACL
_jE-2907
999 _c124631
_d124631